| Tag |
First Indicator |
Second Indicator |
Subfields |
| LEADER |
00000pam a2200000 a 4500 |
| 001 |
in00000092645 |
| 005 |
20151008064321.0 |
| 008 |
800502s1981 nyu 00110 engm |
| 010 |
|
|
|a 80015528
|
| 020 |
|
|
|a 0070148856 :
|c $27.50
|
| 035 |
|
|
|a (OCoLC)06331017
|
| 035 |
|
|
|9 AAK3951AM
|
| 040 |
|
|
|a DLC
|c DLC
|d m.c.
|d TXA
|d UtOrBLW
|
| 049 |
|
|
|a TXAM
|c [1362010]
|
| 050 |
0 |
0 |
|a TK435
|b .C8
|
| 082 |
0 |
|
|a 621.319/24
|
| 100 |
1 |
|
|a Cubit, Harry T.
|
| 245 |
1 |
0 |
|a Electrical construction cost estimating /
|c Harry T. Cubit.
|
| 264 |
|
1 |
|a New York :
|b McGraw-Hill,
|c [1981]
|
| 264 |
|
4 |
|c ©1981
|
| 300 |
|
|
|a ix, 297 pages ;
|c 29 cm.
|
| 336 |
|
|
|a text
|b txt
|2 rdacontent
|
| 337 |
|
|
|a unmediated
|b n
|2 rdamedia
|
| 338 |
|
|
|a volume
|b nc
|2 rdacarrier
|
| 500 |
|
|
|a Includes index.
|
| 650 |
|
0 |
|a Electrical engineering
|x Estimates.
|
| 999 |
|
|
|a MARS
|
| 999 |
f |
f |
|s c63c2799-44a7-370d-9429-4ecdfbdfeaf5
|i 1b64c4ae-a072-35df-abd1-cdaac8dcf116
|t 0
|
| 952 |
f |
f |
|p ric
|a Texas A&M University
|b Rellis Campus
|c Joint Library Facility
|d Remote Storage
|t 0
|e TK435 .C8
|h Library of Congress classification
|i unmediated -- volume
|m A14806250406
|
| 998 |
f |
f |
|a TK435 .C8
|t 0
|l Remote Storage
|